000 01345cam a2200337 i 4500
001 2452398
003 EG-ScBUE
005 20250817093956.0
008 890609r19891963nyua f b 001 0 eng d
020 _a0486660680
020 _a9780486660684
040 _aDLC
_beng
_erda
_cDLC
_dDLC
_dEG-ScBUE
082 0 4 _a547.1392
_222
_bLEF
100 1 _aLeffler, John E.,
_eauthor.
_96230
245 1 0 _aRates and equilibria of organic reactions :
_bas treated by statistical, thermodynamic, and extrathermodynamic methods /
_cJohn E. Leffler, Florida State University and Ernest Grunwald, Brandes University.
250 _aReprint edition.
264 1 _aNew York :
_bDover Publications,
_c1989.
300 _axvi, 458 pages :
_billustrations ;
_c22 cm
336 _2rdacontent
_atext
_btxt
337 _aunmediated
_2rdamedia
_bn
338 _avolume
_bnc
_2rdacarrier
500 _aReprint. Originally published: New York : Wiley, c1963.
504 _aIncludes bibliographical references and index.
650 7 _aChemical equilibrium.
_2BUEsh
_96232
650 7 _aChemical kinetics.
_96233
_2BUEsh
650 7 _aChemistry, Organic.
_96234
_2BUEsh
655 _vReading book
700 1 _aGrunwald, Ernest,
_d1923-
_eauthor.
_96235
856 4 2 _3Publisher description
_uhttp://www.loc.gov/catdir/description/dover033/89011941.html
942 _2ddc
_cBB
999 _c11849
_d11849